Estatísticas para Os 15 principais países afetados pela Covid-19 - 13 de abril 2022

Clique aqui para jogar o quiz

Estatísticas Gerais

  • Esse quiz foi jogado 18 vezes
  • A pontuação média é 16 de 29

Estatísticas das Respostas

país% Correto
Brasil
100%
Estados Unidos
100%
França
100%
Índia
100%
Itália
100%
Rússia
94%
Alemanha
89%
Argentina
83%
Espanha
83%
Portugal
78%
Reino Unido
72%
Coreia do Sul
67%
Irão
67%
Países Baixos
50%
Países Baixos
50%
Suíça
50%
Turquia
50%
Bélgica
39%
Chéquia
33%
Eslovénia
33%
Israel
33%
Áustria
28%
Dinamarca
28%
Letónia
22%
Lituânia
22%
Estônia
17%
Geórgia
17%
Vietname
6%
Chipre
0%

Distribuição das Pontuações

Percentil de Números Respondidos

Porcentagem de Pessoas com Cada Pontuação

Sua Pontuação Histórica

Você não jogou esse quiz